000 00236nam a22001217a 4500
003 SGT
082 _a823
_bDAH
100 _aDAHL ROALD
245 _aTHE WITCHES
260 _aUK
_bPUFFIN PUB
_c2016
300 _a199
942 _2ddc
_cBK
999 _c34012
_d34012